000 00272nam a22001217a 4500
003 SGT
082 _a320
_bT01M
100 _aMISHRA, D.P.
245 _aTHE POST NEHRU ERA:POLITICAL MEMOIRS
260 _bHAR-ANAND PUB. PVT.LTD.
_c2001
300 _a148
942 _2ddc
_cBK
999 _c31940
_d31940